Movies Quiz

Random Movies or Marvel Quiz

Marvel Studios (MCU) Movies 2008-2018 Quiz Stats

 Plays Quiz not verified by Sporcle

Support Sporcle.
Go Orange.
Score 0/23 Timer 05:00
0 Plays Today
Year Movie % Correct
2008Iron Man
99.5%
2010Iron Man 2
97.2%
2011Thor
97%
2011Captain America: The first Avenger
96%
2012The Avengers
95.7%
2013Iron Man 3
95.3%
2008The Incredible Hulk
94.3%
2013Thor: The Dark World
94%
2015Avengers: Age Of Ultron
91.9%
2015Ant-Man
91.5%
2016Captain America: Civil War
91.3%
2014Captain America: The Winter Soldier
91.1%
Year Movie % Correct
2018Avengers: Infinity War
89.7%
2017Spider-Man: Homecoming
88%
2017Thor: Ragnarok
87.7%
2014Guardians Of The Galaxy
87.7%
2018Black Panther
87.4%
2019Avengers: Endgame
86.4%
2016Doctor Strange
84.9%
2018Ant-Man and the Wasp
84.8%
2019Captain Marvel
83.9%
2017Guardians of the Galaxy Vol. 2
83.2%
2019Spider-Man: Far From Home
80.4%

You're not logged in!

Compare scores with friends on all Sporcle quizzes.
OR
Log In

From the Vault

Shakespeare or Batman?

by druhutch

For all we know Shakespeare IS Batman.
Remove Ads.
Support Sporcle.
Get the best of Sporcle when you Go Orange. This ad-free experience offers more features, more stats, and more fun while also helping to support Sporcle. Thank you for becoming a member.

Show Comments

Extras

Created Feb 10, 2018ReportNominate
Tags:Marvel Quiz, studio

Top Quizzes Today


Score Distribution

Your Account Isn't Verified!

In order to create a playlist on Sporcle, you need to verify the email address you used during registration. Go to your Sporcle Settings to finish the process.

Report this User

Report this user for behavior that violates our Community Guidelines.

Details: